Catálogo
 En Linea

Advertising : planning, implementation, and control. (Registro nro. 35940)

Detalles MARC
000 -CABECERA
campo de control de longitud fija 00293nam a2200109 a 4500
005 - FECHA Y HORA DE LA ÚLTIMA TRANSACCIÓN
campo de control 20200930075733.0
008 - DATOS DE LONGITUD FIJA--INFORMACIÓN GENERAL
campo de control de longitud fija 120118s1975 000 spa d
020 ## - NÚMERO INTERNACIONAL ESTÁNDAR DEL LIBRO
Número Internacional Estándar del Libro 0538195703
040 ## - FUENTE DE LA CATALOGACIÓN
Centro catalogador/agencia de origen DO-SdBNP
245 #0 - MENCIÓN DE TÍTULO
Título Advertising : planning, implementation, and control.
260 ## - PUBLICACIÓN, DISTRIBUCIÓN, ETC.
Lugar de publicación, distribución, etc. Cincinnati,
Fecha de publicación, distribución, etc. 1975.

No hay ítems disponibles.

Con tecnología Koha